000 00762nam a22002177a 4500
999 _c18989
_d18989
003 AR-CdUCM
008 190504b ||||| |||| 00| 0 spa d
040 _aMUNICIPALIDAD PROVINCIAL DEL CUSCO
_cBIBLIOTECA MUNICIPAL DEL CUSCO
082 _23ed
_a612 /
_bC29 /
100 _aCastro, Josué de
_94197
245 _aGeografía del hambre /
260 _aMadrid :
_bCid,
300 _a365 páginas ;
_c20 cm.
440 _aColección Vórtice
_n11
_939990
505 _aContenido: El tabú del hambre -- La escala del hambre -- El hambre en el mundo nuevo -- El hambre en la antigua Asia...
650 _aEuropa hambrienta
_936294
650 _aAvances frente al hambre
_936295
650 _aGeografía
_9318
942 _2ddc
_cLIBROS
945 _awnts
_d2019-05-16